God's goodness / (Record no. 4620)

MARC details
000 -LEADER
fixed length control field 00585cam a22002177i 4500
001 - CONTROL NUMBER
control field 411460
003 - CONTROL NUMBER IDENTIFIER
control field GBCCL
005 - DATE AND TIME OF LATEST TRANSACTION
control field 20241126110522.0
008 - FIXED-LENGTH DATA ELEMENTS--GENERAL INFORMATION
fixed length control field 801021s1980 tnu 000 0 eng
010 ## -
-- 80066228
020 ## - INTERNATIONAL STANDARD BOOK NUMBER
International Standard Book Number 0805415238
040 ## - CATALOGING SOURCE
Original cataloging agency DLC
Transcribing agency DLC
Modifying agency DLC
050 00 -
-- MLCS 81/2969
082 ## - DEWEY DECIMAL CLASSIFICATION NUMBER
Classification number 231.8
Item number ATK
100 1# - MAIN ENTRY--PERSONAL NAME
Personal name Atkinson, Franklin.
9 (RLIN) 8503
245 10 - TITLE STATEMENT
Title God's goodness /
Statement of responsibility, etc. Franklin Atkinson.
260 ## - PUBLICATION, DISTRIBUTION, ETC.
Place of publication, distribution, etc. Nashville, Tenn. :
Name of publisher, distributor, etc. Broadman Press,
Date of publication, distribution, etc. c1980.
300 ## - PHYSICAL DESCRIPTION
Extent 126 p. ; 20 cm.
906 ## - LOCAL DATA ELEMENT F, LDF (RLIN)
a 7
b cbc
c orignew
d 4
e opcn
f 19
g y-gencatlg
942 ## - ADDED ENTRY ELEMENTS (KOHA)
Source of classification or shelving scheme Dewey Decimal Classification
Koha item type Books
Koha issues (borrowed), all copies 1
Holdings
Withdrawn status Lost status Source of classification or shelving scheme Damaged status Not for loan Home library Current Library Shelving location Date acquired Total checkouts Full call number Barcode Date last seen Date last checked out Copy number Price effective from Koha item type
    Dewey Decimal Classification     GRACE BIBLE COLLEGE GRACE BIBLE COLLEGE Theology 2018-01-29 1 231.8 ATK 008409 2025-05-01 2021-03-22 c.1 2018-01-29 Books
© Grace Bible College Library 2025